000 01244cad a22002175a 4500
001 E144703
008 080806s2008 xxk 000 0 eng u
035 _a(Sirsi) u144703
041 _aeng
050 0 4 _a692.209411 $2 18
110 2 _aScottish Building Standards Agency
_94655
245 0 4 _aThe Scottish Building Standards technical handbook: domestic
_h[electronic resource]
260 _aEdinburgh
_bSBSA
_c2008
520 _aThis technical handbook provides guidance on achieving the standards set out in the Building (Scotland) Regulations 2004. The handbooks are available in two volumes, one for domestic buildings and one for non-domestic buildings. This revised edition of the Technical Handbook came into force on 1 June 2008: although there are no technical revisions, corrections have been made in sections 1, 2, 3 and 6 to the 2007 edition.
520 _aThe Library holds a reference copy of the 2007 edition, updated with the 2008 amendments: see E128033.
650 _aBUILDING (SCOTLAND) ACT 2003
651 4 _aScotland
_y1999-
690 _aBUILT ENVIRONMENT-BUILDING STANDARDS
856 4 0 _uhttps://www.sbsa.gov.uk/tech_handbooks/tbooks2008.htm
_zView the handbook free of charge at www.sbsa.gov.uk...
942 _n0
999 _c108589
_d108589